| 000 | 01137nas a2200325 i 4500 | ||
|---|---|---|---|
| 001 | 000044039 | ||
| 003 | DO-SdBNP | ||
| 005 | 20260428104555.0 | ||
| 007 | ta | ||
| 008 | 140513c2012 dr ar1p|r || |0spa d | ||
| 022 | _a2226-2474 | ||
| 040 |
_aDO-SdBNP _bspa _cBNPHU _erda |
||
| 041 | _hspa | ||
| 043 | _anwdr | ||
| 222 | 0 |
_aRanking escolar _bclasificación de centros educativos |
|
| 245 | 0 | 0 |
_aRanking escolar : _bclasificación de centros educativos. |
| 264 |
_aSanto Domingo, República Dominicana : _bMINERD/INDOTEL. _bSerigraf, _c2012. |
||
| 300 |
_avolumen : _bilustraciones, ; _c28 cm. |
||
| 310 | _aAnual. | ||
| 336 |
_atexto _btxt _2rdacontent |
||
| 337 |
_asin mediación _bn _2rdamedia |
||
| 338 |
_avolumen _bnc _2rdacarrier |
||
| 362 | 1 | _a2012. | |
| 500 | _aDescripción basada en: Año 2012. | ||
| 500 | _aInforme anual sobre centros educativos. | ||
| 650 | 4 |
_aEducación _xEstadísticas _zRepública Dominicana _972017 |
|
| 651 | 4 |
_aRepública Dominicana _xInstalaciones Educativas _vPublicaciones periódicas _972018 |
|
| 710 | 1 |
_aRepública Dominicana _bMinisterio de Educación _972019 |
|
| 942 |
_2ddc _cISSUE |
||
| 999 |
_c43528 _d43528 |
||